| 000 -LEADER |
| fixed length control field |
01683cam a2200361 ib4500 |
| 001 - CONTROL NUMBER |
| control field |
769192 |
| 003 - CONTROL NUMBER IDENTIFIER |
| control field |
INLPI |
| 005 - DATE AND TIME OF LATEST TRANSACTION |
| control field |
20241128092322.0 |
| 008 - FIXED-LENGTH DATA ELEMENTS--GENERAL INFORMATION |
| fixed length control field |
200107s2020 nyua c 6 000 f eng d |
| 020 ## - INTERNATIONAL STANDARD BOOK NUMBER |
| International Standard Book Number |
9781338535624 |
| Qualifying information |
(hardback) : |
| 040 ## - CATALOGING SOURCE |
| Original cataloging agency |
T3L |
| Language of cataloging |
eng |
| Transcribing agency |
NLPI |
| Modifying agency |
NLPI |
| -- |
KH8 |
| Description conventions |
rda |
| 042 ## - AUTHENTICATION CODE |
| Authentication code |
nbic |
| 082 0# - DEWEY DECIMAL CLASSIFICATION NUMBER |
| Classification number |
741.5973 PIL |
| 100 1# - MAIN ENTRY--PERSONAL NAME |
| Personal name |
Pilkey, Dav, |
| Dates associated with a name |
1966- |
| Relator term |
author, |
| -- |
illustrator. |
| 245 10 - TITLE STATEMENT |
| Title |
Dog Man : Grime and punishment / |
| Statement of responsibility, etc. |
written and illustrated by Dav Pilkey, as George Beard and Harold Hutchins ; with color by Jose Garibaldi. |
| 250 ## - EDITION STATEMENT |
| Edition statement |
First edition. |
| 264 #1 - PRODUCTION, PUBLICATION, DISTRIBUTION, MANUFACTURE, AND COPYRIGHT NOTICE |
| Place of production, publication, distribution, manufacture |
New York, New York : |
| Name of producer, publisher, distributor, manufacturer |
Graphix, an imprint of Scholastic Inc., |
| Date of production, publication, distribution, manufacture, or copyright notice |
2020. |
| 264 #4 - PRODUCTION, PUBLICATION, DISTRIBUTION, MANUFACTURE, AND COPYRIGHT NOTICE |
| Date of production, publication, distribution, manufacture, or copyright notice |
©2020. |
| 300 ## - PHYSICAL DESCRIPTION |
| Extent |
236 pages : |
| Other physical details |
color illustrations ; |
| Dimensions |
22 cm. |
| 336 ## - CONTENT TYPE |
| Content type term |
text |
| Content type code |
txt |
| Source |
rdacontent. |
| 336 ## - CONTENT TYPE |
| Content type term |
still image |
| Content type code |
sti |
| Source |
rdacontent. |
| 337 ## - MEDIA TYPE |
| Media type term |
unmediated |
| Media type code |
n |
| Source |
rdamedia. |
| 338 ## - CARRIER TYPE |
| Carrier type term |
volume |
| Carrier type code |
nc |
| Source |
rdacarrier. |
| 490 1# - SERIES STATEMENT |
| Series statement |
Dog Man ; |
| Volume/sequential designation |
9. |
| 520 8# - SUMMARY, ETC. |
| Summary, etc. |
The Supa Buddies bamboozled the baddies, but all's not right in the world. Dog Man has a new problem to pound, and he's going to need his entire pack to help him. Will he go barking up the wrong tree? Dav Pilkey's wildly popular Dog Man series appeals to readers of all ages and explores universally positive themes, including empathy, kindness, persistence, and the importance of doing good. |
| 600 10 - SUBJECT ADDED ENTRY--PERSONAL NAME |
| Personal name |
Beard, George |
| Titles and other words associated with a name |
(Fictitious character) |
| Form subdivision |
Comic books, strips, etc. |
| 600 10 - SUBJECT ADDED ENTRY--PERSONAL NAME |
| Personal name |
Hutchins, Harold |
| Titles and other words associated with a name |
(Fictitious character) |
| Form subdivision |
Comic books, strips, etc. |
| 650 #0 - SUBJECT ADDED ENTRY--TOPICAL TERM |
| Topical term or geographic name entry element |
Dogs |
| Form subdivision |
Comic books, strips, etc. |
| 650 #0 - SUBJECT ADDED ENTRY--TOPICAL TERM |
| Topical term or geographic name entry element |
Children's stories. |
| 700 1# - ADDED ENTRY--PERSONAL NAME |
| Personal name |
Garibaldi, Jose, |
| Relator term |
colorist. |
| 830 #0 - SERIES ADDED ENTRY--UNIFORM TITLE |
| Uniform title |
Dog Man ; |
| Volume/sequential designation |
9. |
| 942 ## - ADDED ENTRY ELEMENTS (KOHA) |
| Source of classification or shelving scheme |
|
| Koha item type |
Books - Non Ficton |